Escalimetro portátil / (Registro nro. 8842)
[ vista simple ]
| 000 -CABECERA | |
|---|---|
| Campo de control interno | 01834nam a2200253Ia 4500 |
| 008 - ELEMENTOS DE LONGITUD FIJA - INFORMACIÓN GENERAL | |
| Campo de control de longitud fija | 260220t1967||||xx |||||||||||||| ||spa|| |
| 040 ## - FUENTE DE CATALOGACIÓN | |
| Agencia de catalogación original | PY-SlUNAC |
| Idioma de catalogación | spa |
| Convenciones de descripción | rda |
| 041 ## - CÓDIGO DE IDIOMA | |
| Código de idioma para texto/pista de sonido o título separado | spa |
| 082 ## - NÚMERO DE CLASIFICACIÓN DECIMAL DEWEY | |
| Clasificación Decimal Dewey (CDD) | 681.76 |
| Clasificación Expansiva de Cutter (EC) | G165e |
| 100 ## - ASIENTO PRINCIPAL - NOMBRE PERSONAL | |
| Nombre personal | Garcia, O. |
| Rol del autor | Autor |
| 245 #0 - TÍTULO | |
| Título | Escalimetro portátil / |
| Mención de responsabilidad | por O. Garcia [Autor] y M. C. Kopp [Autor] |
| 264 ## - PIE DE IMPRENTA | |
| Lugar | Buenos Aires : |
| Editorial | Comisión Nacional de Energía Atómica, |
| Año | ℗1967. |
| 300 ## - DESCRIPCIÓN FÍSICA | |
| Páginas | 1 volumen |
| 520 ## - NOTA DE RESUMEN | |
| Nota de resumen | El libro "Escalímetro portátil" de O. García, publicado en 1967 por la Comisión Nacional de Energía Atómica en Buenos Aires, presenta una herramienta innovadora diseñada para facilitar la medición precisa de escalas en diversos contextos científicos y técnicos. A lo largo de la obra, el autor aborda la importancia de contar con instrumentos precisos en la investigación y la aplicación de la energía atómica, destacando el escalímetro como un recurso indispensable para profesionales en el campo de la física y la ingeniería. García detalla las características técnicas del dispositivo, su funcionamiento y las ventajas que ofrece en comparación con métodos de medición tradicionales. Además, se discuten diferentes aplicaciones prácticas del escalímetro en laboratorios y entornos industriales, subrayando su contribución a la mejora de la eficiencia y la exactitud en los procesos de medición. Este libro se erige como un referente en el ámbito de la instrumentación científica, promoviendo el avance tecnológico en la comunidad académica y profesional. |
| 653 ## - MATERIA - TÉRMINO TEMÁTICO NO CONTROLADO (PALABRAS CLAVE) | |
| Materia - término temático no controlado (palabras clave) | Energía |
| 653 ## - MATERIA - TÉRMINO TEMÁTICO NO CONTROLADO (PALABRAS CLAVE) | |
| Materia - término temático no controlado (palabras clave) | Física |
| 653 ## - MATERIA - TÉRMINO TEMÁTICO NO CONTROLADO (PALABRAS CLAVE) | |
| Materia - término temático no controlado (palabras clave) | Instrumentos de medición |
| 700 ## - ENTRADA SECUNDARIA - AUTOR PERSONAL | |
| Nombre personal | Kopp, M. C. |
| Rol del autor | Autor |
| 942 ## - ELEMENTOS PERSONALIZADOS (KOHA) | |
| Fecha catalogación | 2026/02/17 |
| Tipo de documento | Libros |
| Fuente de Clasificacion | Colección | Ubicacion permanente | Biblioteca actual | Fecha de Ingreso a la Biblioteca | Origen de adquisición | Código de ubicación | Código de barras | Tipo de Item KOHA | Nota pública |
|---|---|---|---|---|---|---|---|---|---|
| Dewey Decimal Classification | Colección General (CG) | Biblioteca e Internet, Facultad de Ciencias Exactas y Naturales | Biblioteca e Internet, Facultad de Ciencias Exactas y Naturales | 02/20/2026 | Donación | 681.76 G165e | CG2202 | Libros | Material disponible en la Biblioteca e Intenet, Campus UNA, San Lorenzo. |


